Cấu trúc và âm điệu trong các "Lòng bản" nhạc tài tử Nam Bộ

Uloženo v:
Podrobná bibliografie
Hlavní autor: Bùi, Thiên Hoàng Quân
Korporativní autor: Hội văn nghệ dân gian Việt Nam
Médium: Kniha
Jazyk:Vietnamese
Vydáno: Hà Nội Mỹ Thuật 2017
Témata:
Tagy: Přidat tag
Žádné tagy, Buďte první, kdo otaguje tento záznam!
Thư viện lưu trữ: Trung tâm Học liệu Lê Vũ Hùng, Trường Đại học Đồng Tháp
LEADER 00946aam a22002658a 4500
001 00043732
005 20190311090304.0
008 140604s2013 ||||||viesd
020 # # |c 0  |a 978 604 78 6748 6 
041 0 # |a vie 
082 1 # |a 378.620 095 97  |b C125TR 
100 1 # |a Bùi, Thiên Hoàng Quân 
245 1 0 |c Bùi Thiên Hoàng Quân  |a Cấu trúc và âm điệu trong các "Lòng bản" nhạc tài tử Nam Bộ 
260 # # |a Hà Nội  |b Mỹ Thuật  |c 2017 
300 # # |a 275 tr.  |c 21 cm. 
500 # # |a ĐTTS ghi: Hội văn nghệ dân gian Việt Nam 
653 # # |a Cấu trúc 
653 # # |a Nam bộ 
653 # # |a Âm nhạc 
653 # # |a Âm điệu 
653 # # |a Đờn ca tài tử 
710 # # |a Hội văn nghệ dân gian Việt Nam 
852 # # |j KD.0025603 
910 0 # |d 11/3/2019 
980 # # |a Trung tâm Học liệu Lê Vũ Hùng, Trường Đại học Đồng Tháp